Encrucijadas del tiempo / (Record no. 59424)
[ view plain ]
| 000 -LEADER | |
|---|---|
| campo de control de longitud fija | 00465nam a2200157 i 4500 |
| 001 - NÚMERO DE CONTROL | |
| campo de control | 59424 |
| 003 - IDENTIFICADOR DE NÚMERO DE CONTROL | |
| campo de control | ES-MaACL |
| 007 - CAMPO FIJO DE DESCRIPCIÓN FÍSICA--INFORMACIÓN GENERAL | |
| campo de control de longitud fija | t| |
| 008 - DATOS DE LONGITUD FIJA--INFORMACIÓN GENERAL | |
| campo de control de longitud fija | 031029s1968 sp ||||1| spa d |
| 245 00 - MENCIÓN DEL TÍTULO | |
| Título | Encrucijadas del tiempo / |
| Mención de responsabilidad, etc. | recopilación de Graff Conklin ; [traducción M. Giménez]. |
| 260 ## - PUBLICACIÓN, DISTRIBUCIÓN, ETC. | |
| Lugar de publicación, distribución, etc. | [Barcelona : |
| Nombre del editor, distribuidor, etc. | Molino, |
| Fecha de publicación, distribución, etc. | 1968] |
| 300 ## - DESCRIPCIÓN FÍSICA | |
| Extensión | 191 p. ; |
| Dimensiones | 18 cm. |
| 700 1# - ENTRADA AGREGADA--NOMBRE PERSONAL | |
| Nombre de persona | Conklin, Graff. |
| 9 (RLIN) | 40191 |
| 700 1# - ENTRADA AGREGADA--NOMBRE PERSONAL | |
| Nombre de persona | Giménez, M. |
| 9 (RLIN) | 57026 |
| 852 ## - LOCALIZACIÓN | |
| Ubicación | ES-MaACL |
| Número de control de estantería | E-8698 |
| Sublocalización o colección | R.92891 |
| Estatus retirado | Estado de pérdida | Estado de daño | No para préstamo | Biblioteca de origen | Biblioteca actual | Ubicación en estantería | Fecha de adquisición | Fuente de adquisición | Total de préstamos | Signatura topográfica completa | Código de barras | Visto por última vez | Precio de reemplazo | Tipo de ítem Koha |
|---|---|---|---|---|---|---|---|---|---|---|---|---|---|---|
| Biblioteca del Ateneo de Madrid | Biblioteca del Ateneo de Madrid | Depósito 2 | 17/01/2008 | E-8698 | 1062329 | 23/02/2023 | 23/02/2023 | Libro impreso |
